| 000 | 00675nam a22002297a 4500 | ||
|---|---|---|---|
| 005 | 20170124110211.0 | ||
| 010 | _aA-999115 | ||
| 020 |
_c195.00 _a8120316614 |
||
| 035 | _aA-999115 | ||
| 037 | _bCen Lib/Ret | ||
| 040 |
_aDPL _bEN |
||
| 082 |
_a004.65 _bDER |
||
| 100 |
_aDerfler, F.F. _938201 |
||
| 245 |
_aPractical networking / _cby F.F. Derfler |
||
| 260 |
_aNew Delhi _bPrentice Hall _c2000 |
||
| 270 |
_aM-97, Connaught Circus _bNew Delhi _e110001 |
||
| 300 |
_aix,543p. : _c23cm(Hb) _bill. |
||
| 650 |
_aComputer networks _98333 |
||
| 650 |
_aLocal area networks (Computer networks) _916976 |
||
| 700 | _9474 | ||
| 942 |
_2ddc _cEN _h004.65 _mDER |
||
| 999 |
_c133534 _d133534 |
||